000 00485nam a2200181Ia 4500
008 230714s9999 xx 000 0 und d
020 _a9780000000000
041 _aeng
082 _a621.382
_bNEA
100 _aNeamen D.A.
245 _aSemiconductor Physics And Devices
250 _a4th ed.
260 _c2013
_bMcGraw Hill
300 _a500
365 _cRs.
_b695.00
700 _aNeamen D.A. & Biswas D.
_9201623
906 _dO:0647004-Aug-2019B:554930-Jul-2019
_cSE
_b347.5
999 _c225468
_d225468